Automobile engineering (Record no. 173078)

MARC details
000 -LEADER
fixed length control field 00385nam a2200157Ia 4500
008 - FIXED-LENGTH DATA ELEMENTS--GENERAL INFORMATION
fixed length control field 231217s9999 xx 000 0 und d
041 ## - LANGUAGE CODE
Language code of text/sound track or separate title English
082 ## - DEWEY DECIMAL CLASSIFICATION NUMBER
Classification number 629.23 GUP;1 R
100 ## - MAIN ENTRY--PERSONAL NAME
Personal name Gupta, R B
245 #0 - TITLE STATEMENT
Title Automobile engineering
250 ## - EDITION STATEMENT
Edition statement 6th ed.
260 ## - PUBLICATION, DISTRIBUTION, ETC.
Date of publication, distribution, etc. 2001
Name of publisher, distributor, etc. Satya Prakashan
Place of publication, distribution, etc. New Delhi
300 ## - PHYSICAL DESCRIPTION
Extent 1024
650 ## - SUBJECT ADDED ENTRY--TOPICAL TERM
Topical term or geographic name entry element Automobile engineering
942 ## - ADDED ENTRY ELEMENTS (KOHA)
Koha item type Books
Holdings
Date last seen Total checkouts Full call number Accession number Cost, total (INR) price Price effective from Category Lost status Damaged status Department Withdrawn status Home library Current library Shelving location Entry date Vendor Cost, normal purchase price Grants Billnumber Billdate Currency symbol Conversion rate Discount Old discount
26/01/2024   629.23 GUP;1 R 30045 180.00 26/01/2024 Books     Central Library   Central Library Central Library Central Library 23/09/2004 I K International 200.00 ME 1056 15/12/2009 RS 1 20 10
26/01/2024   629.23 GUP;2 R1 30046 180.00 26/01/2024 Books     Central Library   Central Library Central Library Central Library 23/09/2004 I K International 200.00 ME 1056 21/12/2006 RS 1 20 10
26/01/2024   629.23 GUP;3 30047 180.00 26/01/2024 Books     Central Library   Central Library Central Library Central Library 23/09/2004 I K International 200.00 ME 1056 21/12/2006 RS 1 20 10

© For any Suggestions or Query, please contact the library staff @ librarian@pes.edu or Phone: +9180 2672 1983/ 2108.